650 let farnosti brumovské. Sborník věnovaný na věčnou památku Jana Jiřího

Uložené v:
Podrobná bibliografia
Hlavný autor: Sába, F. (Author)
Médium: Kniha
Jazyk:Czech
Vydané: 1992
Tagy: Pridať tag
Žiadne tagy, Buďte prvý kto otaguje tento záznam!

MARC

LEADER 00000nam a2200000 a 4500
001 000242591
005 00000000000000.0
008 040101s1992 e czeo
041 0 |a cze 
100 1 |a Sába, F.  |4 aut 
245 1 0 |a 650 let farnosti brumovské. Sborník věnovaný na věčnou památku Jana Jiřího 
260 |c 1992 
500 |a Záznam neprešiel kontrolou 
910 |a svkkk 
998 |a BK 
090 |g SCKHL  |k Sklad Pribinova 2. posch.  |a II.350020  |j 850598  |i 242591-10  |s Absenčne 
090 |g SCKHL  |k Sklad Pribinova 2. posch.  |a II.350021  |j 850599  |i 242591-20  |s Absenčne